000 00245nam a22001217a 4500
008 170126b xxu||||| |||| 00| 0 eng d
041 _aeng
080 _a61
100 _a3
101 _aMED
245 _aMKSAP14
_cGLASSROTH, J
942 _2udc
_cBK
999 _c3794
_d3794